000 00847cam a2200301 a 4500
001 93602
005 20230410130921.0
008 070508s2004 ck b 000 0 spa
035 _a14847969
925 0 _aacquire
_b1 shelf copy
_xpolicy default
942 _2lcc
_cbk
010 _a 2007470194
020 _a9681675940
020 _a9587041666
035 _a(MxMxBFM)bm970134029
040 _aDLC
_cDLC
041 _aES
049 _aGRAL
050 1 4 _aPQ 7797
_bC827t 2004
100 1 _aCortázar, Julio,
_d1914-1984.
245 1 0 _aTodos los fuegos el fuego /
_cJulio Cortázar.
250 _a1. ed. Colombiana.
260 _a[Colombia] :
_bAlfaguara,
_c2004.
300 _a174p. ;
_c22 cm.
440 0 _aBiblioteca Cortázar.
504 _aIncludes bibliographical references (p. 47-53).
923 _d20070502
_n55004
_sMxMxBFM
999 _c82710
_d82710